Výuka evropské integrace na univerzitách v České republice

Analýza situácie výuky európskych otázok na českých vysokých školách, zvlášť na ekonomických fakultách, kde je výuka európskej problematiky vyučovaná na 12 fakultách v bakalárskych, magisterských študijných programoch. Inovácia študijného odboru Eurospráva na ekonomickej fakulte VŠB - Technickej uni...

Description complète

Enregistré dans:
Détails bibliographiques
Auteur principal: Skokan, Karel
Format: Chapitre de livre
Langue:tchèque
Sujets:
Tags: Ajouter un tag
Pas de tags, Soyez le premier à ajouter un tag!

MARC

LEADER 00000naa$a2200000$$$4500
001 0038386
005 20221019113206.9
041 0 |a cze 
044 |a SK 
245 1 0 |a Výuka evropské integrace na univerzitách v České republice  |c Karel Skokan 
520 |a Analýza situácie výuky európskych otázok na českých vysokých školách, zvlášť na ekonomických fakultách, kde je výuka európskej problematiky vyučovaná na 12 fakultách v bakalárskych, magisterských študijných programoch. Inovácia študijného odboru Eurospráva na ekonomickej fakulte VŠB - Technickej univerzity v Ostrave, ktorý sa orientuje na prípravu ekonómov a euromanažérov pre prax, schopných využívať procesy európskej integrácie a nástroje EÚ pri zvyšovaní konkurencieschopnosti firiem a regiónov s podporou systému inovácií a moderných prístupov k ekonomickému rozvoju. 
610 2 0 |a integrácia 
610 2 0 |a Európa 
610 2 0 |a vzdelávanie 
610 2 0 |a univerzity 
610 2 0 |a Česko 
100 1 |a Skokan, Karel